000 00821nas a2200265 4500
001 BR9500780
003 BR-BrBNA
005 20231205094248.0
007 ta
008 230509b bl.|||p| |||| 00| 00por d
040 _aBR-BrBNA
_bpor
_cBiblioteca Nacional de Agricultura
041 _a(Pt)
072 _aE16; L01
100 1 _aCaldas, E.M.
100 1 _aSantana, A.F.
100 1 _aCaetano, S.L.A.
100 1 _aCosta, A.J.
245 1 _aEstudo da ovinocaprinocultura na regiao nordeste do estado da Bahia
650 _aCaprinocultura
650 _aOvinocultura
650 _aBahia
773 0 _tArquivos da Escola de Medicina Veterinaria da Universidade Federal da Bahia (Brazil)
_xISSN 0100-2597
_g(1989), v. 12(1) p. 1-96
_wBR9500780
909 _a202311
_bLúcia
_c55
_dLúcia Elande
942 _2AGRIS
_n0
_cANA
999 _c143171
_d143171